栃木県の道の駅クイズ - Statistics

General Stats
  • This quiz has been taken 48 times
  • The average score is 14 of 25
Answer Stats
市町村 道の駅 % Correct
日光市 日光
85%
芳賀町 はが
79%
塩谷町 湧水の郷 しおや
76%
矢板市 やいた
76%
茂木町 もてぎ
76%
益子町 ましこ
76%
壬生町 みぶ
73%
宇都宮市 うつのみや ろまんちっく村
67%
下野市 しもつけ
67%
小山市 思川
67%
さくら市 きつれがわ
58%
佐野市 どまんなか たぬま
55%
日光市 湯西川
48%
大田原市 那須与一の郷
48%
真岡市 にのみや
48%
那珂川町 ばとう
45%
栃木市 みかも
42%
那須町 東山道伊王野
39%
高根沢町 たかねざわ 元気あっぷむら
39%
市貝町 サシバの里いちかい
39%
那須塩原市 明治の森・黒磯
36%
那須塩原市 那須野が原博物館
36%
栃木市 にしかた
33%
那須塩原市 湯の香しおばら
30%
那須町 那須高原友愛の森
30%
No matching quizzes found
Score Distribution
Percent of People with Each Score
Percentile by Number Answered
Your Score History
You have not taken this quiz